000 00965nam a2200265Ia 4500
003 OSt
005 20221005111214.0
006 a|||||r|||| 00| 0
007 ta
008 221004b |||||||| |||| 00| 0 hin d
020 _a8181436962 (hbk)
_c300
024 _a12040
037 _b335, 20/03/2014, Vani Prakashan
_cTextual
040 _aCRL
_cCRL
_bhin
041 _2hin
_ahin
082 _aO157,3M76,75, 152N7;P7
100 _aचट्टोपाध्याय, शरत्चन्द्र
245 0 _aचरित्रहीन
246 _aCharitrahīna
260 _aनई दिल्ली
_bवाणी प्रकाशन भारत
_c2007
300 _a380पृ0
_ccm.
650 _aबंगाली कहानी
942 _hO157,3M76,75, 152N7;P7
_cTEXL
_2cc
999 _c1021147
_d1021147